| 000 | 01421nam a22003497a 4500 | ||
|---|---|---|---|
| 003 | DO-SdBNP | ||
| 005 | 20180313095409.0 | ||
| 008 | 160509b 2005 dr00| 0 spa d | ||
| 020 | _a9789945110913 | ||
| 040 |
_aBPMSU _bspa _cBPMSU |
||
| 082 | 4 |
_a373.53 _bC568f 2do. 2005 |
|
| 100 | 1 | _aCid, Félix Antonio | |
| 245 | 1 |
_aFísica 1 : _beducación media , segundo bachillerato/ _cFélx Antonio Cid, Omar Pérez Veloz ; dirección editorial Obdulia García de Escobar ; editora Claudia Llibre |
|
| 260 |
_aSanto Domingo : _bSantillana, _c2005. |
||
| 300 |
_a181p. : _bil., retrs. _c28 cm. |
||
| 490 | 1 | _aÁmbar | |
| 500 | _32do. bachillerato/2do. curso/Primer ciclo | ||
| 505 |
_tLa física -- _tLa cinemática -- _tDinámica y estática -- _tTrabajo y energía -- _tMecánica de fluidos -- _tOscilaciones y ondas -- _tTermodinámica -- _tElectricidad y magnetismo -- _tLa óptica. |
||
| 650 | 4 |
_aFÍSICA _xENSEÑANZA SECUNDARIA |
|
| 650 | 4 |
_aFÍSICA _xEDUCACIÓN SECUNDARIA |
|
| 650 | 4 |
_aFÍSICA _xESTUDIOS Y EJERCICIOS |
|
| 650 | 4 |
_aFÍSICA _xLIBROS DE TEXTOS |
|
| 650 | 4 |
_aEDUCACIÓN SECUNDARIA _zREPÚBLICA DOMINICANA |
|
| 700 | 1 | 2 | _aPérez Veloz, Omar |
| 700 | 1 |
_aGarcía de Escobar, Obdulia, _e ed. |
|
| 700 | 1 |
_aLlibre, Claudia, _eed. |
|
| 830 | 0 | _aÁmbar | |
| 910 | _aValidado. Control de calidad MFF | ||
| 942 |
_2ddc _cBK |
||
| 945 | _aRemanejado para la BNPHU / 2018 BT | ||
| 956 |
_aBTAVÁREZ _b10 _c20160517 _d0038 |
||
| 999 |
_c10033 _d10033 |
||